| 000 | 00579pam a2200217 a 4500 | ||
|---|---|---|---|
| 020 | _c | ||
| 040 | _aDental College Lib | ||
| 041 |
_aeng _h |
||
| 082 |
_a611.018 _bKIT |
||
| 100 | _aKitamura, Hironori. | ||
| 245 |
_aColor Atlas of Human Oral Histology / _c. _hTextual Documents |
||
| 250 |
_a1st ed / _b. |
||
| 260 |
_aMissouri : _bIshiyaku Euro America, Inc. , _c1999. |
||
| 300 |
_a362 ; _c. |
||
| 365 | _a495.00 | ||
| 653 | _aHistology | ||
| 700 |
_aoda, Masatoyo. _aHess, John A. |
||
| 930 | _a1002 | ||
| 999 |
_c40405 _d40405 |
||